000 00316nam a22001457a 4500
008 210528b ||||| |||| 00| 0 eng d
020 _a9780766805316
041 _aeng
080 _24th
_a621
082 _a621
100 _a26
101 _aMEK
245 _aTechnical Drawing
_cGoetsch Chalk
942 _2udc
_cBK
999 _c57767
_d57767